| 000 | 00339nam a22001457a 4500 | ||
|---|---|---|---|
| 003 | SGT | ||
| 020 | _a9789351777960 | ||
| 082 |
_a070 _bF16K |
||
| 100 | _aKIESSLING, HEIN G. | ||
| 245 | _aFAITH, UNITY, DISCIPLINE: THE ISI PAKISTAN | ||
| 260 |
_bHARPERCOLLINS PUBLISHERS _c2016 |
||
| 300 | _a309 | ||
| 650 | _aJOURNALISM | ||
| 942 |
_2ddc _cBK |
||
| 999 |
_c28637 _d28637 |
||